000 01324nam a2200229Ia 4500
001 A085-34621
003 IT-CnALBA
008 170116s9999||||xx |||||||||||||| ||und||
040 _aIT-CnALBA
_cIT-CnALBA
041 _aPOLIGLOTTA
100 _aBOSSUET JACQUES-BENIGNE VESCOVO DI MEAUX
245 0 _aOEUVRES DE MESSIRE JACQUES-BENIGNE BOSSUET. TOME XVI. LA TRADITION DEFENDUE SUR LA MATIERE DE LA COMMUNION...
250 _a1a ed.
260 _a LIEGE
_bLIBRAIRES (LES) ASSOCIES
_c1768 [1° Ed.:1768 - Ed.Ling.Originale: 1768]
300 _a679 p.
500 _aBIBLIOTECA CANONICO CHIESA. TRADIZIONE DELLA COMUNIONE SOTTO UNA SOLA SPECIE. NECESSITÀ DELLA TRADIZIONE. CONTINUITÀ. RICHIAMO AI PROTESTANTI SULLA ACCUSA DI IDOLATRIA. CULTO DELLE IMMAGINI. SALVEZZA DI GESÙ CRISTO. TRADIZIONE. DECRETO SULLA DISCIPLINA MO
501 _aSocietà San Paolo EM - Piazza San Paolo, 14 - 12051 ALBA (CN) (non commercial uses only) ® Copyright 2017
520 _aBIBLIOTECA CANONICO CHIESA. TRADIZIONE DELLA COMUNIONE SOTTO UNA SOLA SPECIE. NECESSITÀ DELLA TRADIZIONE. CONTINUITÀ. RICHIAMO AI PROTESTANTI SULLA ACCUSA DI IDOLATRIA. CULTO DELLE IMMAGINI. SALVEZZA DI GESÙ CRISTO. TRADIZIONE. DECRETO SULLA DISCIPLINA MO
650 _aRACCOLTE DI CARATTERE GEN. IN ITALIANO
942 _cBK
957 _71
999 _a39390
_bSI
_g Copie: 1
_c293454
_d293454